[Event "Oberbayern Bezirksliga 1718"]
[Site "Germany"]
[Date "2018.04.15"]
[Round "9.6"]
[White "Pruell, Lukas"]
[Black "Hecker, Rafael"]
[Result "1/2-1/2"]
[WhiteElo "1939"]
[BlackElo "1828"]
[PlyCount "32"]
[EventDate "2017.10.22"]
[EventType "team-tourn"]
[EventRounds "9"]
[EventCountry "GER"]
[SourceTitle "EXT 2019"]
[Source "ChessBase"]
[SourceDate "2018.10.10"]
[SourceVersion "1"]
[SourceVersionDate "2018.10.10"]
[SourceQuality "1"]
[WhiteTeam "Freilassing"]
[BlackTeam "Waldkraiburg"]
[WhiteTeamCountry "GER"]
[BlackTeamCountry "GER"]

1. e4 e5 2. Nf3 Nc6 3. d4 exd4 4. Bc4 Nf6 5. e5 d5 6. Bb5 Ne4 7. Nxd4 Bd7 8. Bxc6 bxc6 9. 0-0 Bc5 10. f3 Ng5 11. f4 Ne6 12. c3 Qh4 13. Be3 0-0 14. Kh1 Nxd4 15. cxd4 Bb6 16. Qc2 f6 1/2-1/2

[Event "Oberbayern Bezirksliga 1718"]
[Site "Germany"]
[Date "2018.02.04"]
[Round "6.8"]
[White "Richter, Klaus"]
[Black "Hecker, Rafael"]
[Result "1/2-1/2"]
[WhiteElo "1920"]
[BlackElo "1828"]
[PlyCount "81"]
[EventDate "2017.10.22"]
[EventType "team-tourn"]
[EventRounds "9"]
[EventCountry "GER"]
[SourceTitle "EXT 2019"]
[Source "ChessBase"]
[SourceDate "2018.10.10"]
[SourceVersion "1"]
[SourceVersionDate "2018.10.10"]
[SourceQuality "1"]
[WhiteTeam "Neuburg"]
[BlackTeam "Waldkraiburg"]
[WhiteTeamCountry "GER"]
[BlackTeamCountry "GER"]

1. e4 e5 2. Nf3 Nc6 3. Bc4 Bc5 4. b4 Bxb4 5. c3 Ba5 6. d4 Qf6 7. 0-0 Nh6 8. Ba3 Bb6 9. Bb3 d6 10. d5 Na5 11. Ba4+ Ke7 12. Nbd2 g5 13. c4 g4 14. Ne1 Bd4 15. Rc1 b6 16. Nc2 Bc5 17. Bxc5 dxc5 18. Ne3 Nb7 19. Bc6 Rb8 20. Bxb7 Rxb7 21. Nb1 Rb8 22. Nc3 Bd7 23. Qd2 Rbd8 24. Rcd1 Be8 25. Qc1 Rd6 26. Ne2 Rf8 27. Ng3 Bd7 28. Qc3 Qg5 29. Qe1 f6 30. Qc3 Re8 31. Qd2 Kf8 32. a3 Kg8 33. Qc3 Re7 34. Rfe1 Re8 35. Qc1 Rf8 36. Qd2 Re8 37. Kh1 Re7 38. Qc1 Rg7 39. Rf1 Rf7 40. Rfe1 Re7 41. Qc2 1/2-1/2

[Event "Oberbayern Bezirksliga 1718"]
[Site "Germany"]
[Date "2017.10.22"]
[Round "1.8"]
[White "Hecker, Rafael"]
[Black "Doan, Duc Trung"]
[Result "1/2-1/2"]
[WhiteElo "1828"]
[BlackElo "1680"]
[PlyCount "52"]
[EventDate "2017.10.22"]
[EventType "team-tourn"]
[EventRounds "9"]
[EventCountry "GER"]
[SourceTitle "EXT 2019"]
[Source "ChessBase"]
[SourceDate "2018.10.10"]
[SourceVersion "1"]
[SourceVersionDate "2018.10.10"]
[SourceQuality "1"]
[WhiteTeam "Waldkraiburg"]
[BlackTeam "Ingolstadt"]
[WhiteTeamCountry "GER"]
[BlackTeamCountry "GER"]

1. e4 c5 2. c3 Nf6 3. e5 Nd5 4. d4 cxd4 5. cxd4 e6 6. Nc3 Nb6 7. Nf3 Be7 8. Bd3 Nc6 9. a3 a6 10. 0-0 d5 11. Be3 Bd7 12. Nd2 0-0 13. Qg4 f5 14. exf6 Bxf6 15. Qh5 g6 16. Qd1 Nxd4 17. Bh6 Re8 18. Nb3 Nc6 19. Nc5 Rb8 20. Qc2 Ne5 21. Nxd7 Qxd7 22. Be2 Rbc8 23. Qd1 Nf7 24. Bd2 Nd6 25. Bf3 Nbc4 26. Rb1 Qg7 1/2-1/2

[Event "Deggendorf op 3rd"]
[Site "Deggendorf"]
[Date "2010.09.03"]
[Round "1"]
[White "Hecker, Rafael"]
[Black "Berthold, Thomas"]
[Result "1-0"]
[WhiteElo "1736"]
[BlackElo "1036"]
[PlyCount "73"]
[EventDate "2010.09.03"]
[EventType "swiss"]
[EventRounds "5"]
[EventCountry "GER"]
[SourceTitle "CBM 138 Extra"]
[Source "ChessBase"]
[SourceDate "2010.10.29"]
[SourceVersion "1"]
[SourceVersionDate "2010.10.29"]
[SourceQuality "1"]

1. e4 e5 2. Nf3 Nc6 3. Bc4 Bc5 4. c3 Nf6 5. d4 exd4 6. e5 Ng4 7. cxd4 d5 8. Bb5 Bb6 9. Nc3 a6 10. Ba4 0-0 11. 0-0 Be6 12. a3 f6 13. h3 Nh6 14. exf6 Qxf6 15. Bg5 Qg6 16. h4 Nf5 17. Bc2 h6 18. Bf4 Qg4 19. Bxf5 Qxf5 20. Be3 Qg6 21. Ne1 Ne7 22. Kh2 Qh5 23. Qxh5 Nf5 24. Nc2 Nxe3 25. fxe3 c6 26. Ne2 Bc7+ 27. g3 Rae8 28. Rxf8+ Rxf8 29. Nf4 Bxf4 30. exf4 Bf7 31. Qf3 Bg6 32. Ne3 Kh7 33. Ng4 Be4 34. Qf2 h5 35. Ne5 g6 36. Re1 Kh6 37. Rxe4 1-0